Computer fundamentals : (Record no. 33)

MARC details
000 -LEADER
fixed length control field 00618cam a2200229ua 4500
008 - FIXED-LENGTH DATA ELEMENTS--GENERAL INFORMATION
fixed length control field 171012n ii |||gr||||Z||||||eng
020 ## - INTERNATIONAL STANDARD BOOK NUMBER
International Standard Book Number 81-7656-752-3
040 ## - CATALOGING SOURCE
Transcribing agency MAIN
041 ## - LANGUAGE CODE
-- eng
082 ## - DEWEY DECIMAL CLASSIFICATION NUMBER
Classification number 004
100 ## - MAIN ENTRY--PERSONAL NAME
Personal name Sinha, Pradeep K.,
245 ## - TITLE STATEMENT
Title Computer fundamentals :
Remainder of title Concepts, system & application. /
Statement of responsibility, etc. By Pradeep K. Sinha.
250 ## - EDITION STATEMENT
Edition statement 4th.
260 ## - PUBLICATION, DISTRIBUTION, ETC.
Place of publication, distribution, etc. Delhi.:
Name of publisher, distributor, etc. BPBPublications.,
Date of publication, distribution, etc. 2007.
300 ## - PHYSICAL DESCRIPTION
Extent xvi,457 p.:
Other physical details ill.;
Dimensions 30 cm.+
Accompanying material CD.
700 ## - ADDED ENTRY--PERSONAL NAME
Personal name Sinha, Pradeep K.,
700 ## - ADDED ENTRY--PERSONAL NAME
Personal name Sinha, Priti.,
942 ## - ADDED ENTRY ELEMENTS (KOHA)
Koha item type Books
653 ## - INDEX TERM--UNCONTROLLED
Uncontrolled term Computer Science.
653 ## - INDEX TERM--UNCONTROLLED
Uncontrolled term Computer Fundamentals.
Holdings
Withdrawn status Lost status Damaged status Not for loan Home library Current library Shelving location Date acquired Total Checkouts Full call number Barcode Date last seen Copy number Price effective from Koha item type Date last checked out
        Central Library, Naharkatiya College Central Library, Naharkatiya College General Stacks 19/09/2020   004 | SIN. 17395 19/09/2020 2 19/09/2020 Books  
        Central Library, Naharkatiya College Central Library, Naharkatiya College General Stacks 19/09/2020   004 | SIN. 17773 19/09/2020 4 19/09/2020 Books  
        Central Library, Naharkatiya College Central Library, Naharkatiya College General Stacks 19/09/2020 12 004 | SIN. 17774 16/07/2024 1 19/09/2020 Books 29/06/2024
        Central Library, Naharkatiya College Central Library, Naharkatiya College General Stacks 19/09/2020   004 | SIN. 17775 19/09/2020 3 19/09/2020 Books  
        Central Library, Naharkatiya College Central Library, Naharkatiya College General Stacks 19/09/2020 15 004 | SIN. 18531 28/08/2024 5 19/09/2020 Books 17/08/2024

Naharkatiya College © 2020. All rights reserved.

Powered By